Score 0/31 Timer 03:00
1 Play Today
Clue 4-Letter Word % Correct
Winter precipitationSNOW
96.6%
Nasal mucusSNOT
96.1%
Theatre eventSHOW
95%
Bird's mouthpartBEAK
94.9%
Be sure ofKNOW
93.3%
'___! The Herald Angels Sing'HARK
93%
🍀 Traditional Celtic ornament 🍀
Nautical speed unit
KNOT
92.3%
'___ and ye shall find'SEEK
91.8%
🍀 An emblem of Wales 🍀
Vegetable used in cooking
LEEK
88.4%
Unauthorized disclosureLEAK
88.2%
Plant's reproduction unitSEED
87.9%
Storage structureSHED
87.3%
Reverse sideBACK
86.5%
Without bare hooves, for a horseSHOD
85.9%
Flirtatious blinkWINK
85.9%
🍀 Musical symbol of Ireland 🍀
Dwell (on)
HARP
85.2%
Clue 4-Letter Word % Correct
Chop wildlyHACK
85.2%
Call's partnerBECK
84.6%
Luxury furMINK
84.5%
Freshwater fishCARP
84.5%
Popular alcoholic beverageWINE
83.7%
Astronomer SaganCARL
82.6%
🍀 Hadrian's structure to keep out the Celts 🍀
New York street
WALL
72.2%
Flirtatious womanMINX
71.1%
🍀 Celtic nation member 🍀SCOT
68.7%
Cunning or trickeryWILE
65.8%
Wish or desireWILL
62.1%
🍀 Celtic language and people 🍀
Tailless cat
MANX
53.7%
Imprudent behaviorGALL
46.3%
🍀 Ancient Celtic region, home of Asterix 🍀GAUL
41.1%
Embryonic membraneCAUL
39.2%

Today's Daily Dose

Remove Ads.
Support Sporcle.
Get the best of Sporcle when you Go Orange. This ad-free experience offers more features, more stats, and more fun while also helping to support Sporcle. Thank you for becoming a member.

You're not logged in!

Compare scores with friends on all Sporcle quizzes.
OR
Log In

Show Comments

Extras

Top Quizzes Today


Score Distribution

Your Account Isn't Verified!

In order to create a playlist on Sporcle, you need to verify the email address you used during registration. Go to your Sporcle Settings to finish the process.

Report this User

Report this user for behavior that violates our Community Guidelines.

Details: